00886nam a2200265 a 450000100060000000300090000600500170001500800410003202000180007304000280009104100130011908200150013210000180014724501720016525000120033726000640034930000300041350000290044350400390047265000240051165000160053565000240055170000320057585200130060725132CO-ViMGA20230915232043.0141112s2004 ck r 000 u spa d a9789500618809 aCO-ViMGAbspacCO-ViMGA aspa eng04a616.8 G7421 aGrieve, June.10aNeuropsicología para terapeutas ocupacionales : bcognición en el desempeño ocupacional / cJune Grieve, Linda Gnanasekaran ; traducción Marcela Haro Suárez. a3a. ed. aBuenos Aires : bEditorial Médica PanAméricana, c2009. ax, 248 p. : il. ; 24 cm. aGlosario : p. 223 - 232. aIncluye bibliografía e índice.14aNeuropsicología. 14aPsicologia 14aTerapia ocupacional1 aHaro Juárez, Marcela, tr.  17648.30